|
|
|
|
| LEADER |
00000nab a2200000 a 4500 |
| 001 |
vtls010451509 |
| 003 |
SK-MaSNL |
| 005 |
20260304155320.0 |
| 008 |
250507c20122013xo mr|p|||an |000 b|slo |
| 015 |
|
|
|a SNBRB2012/09
|
| 035 |
|
|
|a (uuid)0b22fbd1-3616-4e3e-847f-e61093f499b1
|
| 035 |
|
|
|a urn:nbn:sk:snk-ab2hdl
|
| 035 |
|
|
|a (urnnbn)urn:nbn:sk:snk:ar-a02fam
|
| 038 |
|
|
|a SPK
|
| 040 |
|
|
|a SNKBUCL
|b slo
|c SNKBUCL
|e AACR2
|
| 041 |
0 |
|
|a slo
|b slo
|
| 044 |
|
|
|a xo
|c SK
|
| 072 |
|
7 |
|a 37
|x Výchova a vzdelávanie
|2 konspekt
|
| 080 |
|
|
|a 37.026
|2 2001
|
| 100 |
1 |
|
|a Fabianová, Janka
|4 aut
|9 1480988
|
| 245 |
1 |
0 |
|a Ako navodiť priaznivú klímu v škole a v triede
|c Janka Fabianová
|
| 504 |
|
|
|a Bibliogr. odkazy
|
| 546 |
|
|
|a Res. slov.
|
| 650 |
0 |
7 |
|a školská klíma
|2 snkbucl
|9 1108436
|
| 650 |
0 |
7 |
|a klíma triedy
|2 snkbucl
|9 756872
|
| 773 |
0 |
|
|t Naša škola
|g Roč. 16., č. 1(2012/2013), s. 56-61
|
| 850 |
|
|
|a Slovenská národná knižnica
|
| 852 |
|
|
|a Slovenská národná knižnica
|
| 954 |
|
|
|a odborná, vedecká literatúra pôvodná (slovenská)
|2 lita
|
| 958 |
|
|
|a article27
|
| 958 |
|
|
|a NB
|2 spk
|
| 958 |
|
|
|a OND
|
| 958 |
|
|
|a EUIPO
|
| 999 |
|
|
|c 2961574
|d 2963504
|